000 00854cam a2200289 4500
001 25340
003 BD-RjUL
005 20211209050851.0
008 140318s1970 enk b 001 0 eng
020 _a0210222212
035 _a(BD-RjUL)25409
040 _aDLC
_cDLC
_dDLC
_dBD-RjUL
_beng
041 _aeng
082 0 0 _a823.912
_bYAJ 1970
100 1 _aYaseen, Mohammad,
_d1932-
_977905
245 1 0 _aJoseph Conrad's theory of fiction /
_c Mohammad Yaseen.
250 _a2nd ed.
260 _aLondon :
_bAsia Publishing House,
_cc1970.
300 _axii, 220 p. ;
_c25 cm.
350 _a60/-
504 _aBibliography: p. 211-216.
600 1 0 _aConrad, Joseph,
_d1857-1924
_xAesthetics.
_977910
650 0 _aFiction
_xHistory and criticism
_xTheory, etc.
_977907
942 _2ddc
_cBK
999 _c25340
_d25340